000 00300nam a22001337a 4500
008 171204b xxu||||| |||| 00| 0 eng d
020 _a9780807844953
041 _aeng
080 _a315
100 _a50
101 _aSOC
245 _aU.S HISTORY AS WOMEN'S HISTORY
_cKERBER,L.K
942 _2udc
_cBK
999 _c38773
_d38773